书目信息 |
| 题名: |
地基基础震害调查与抗震分析
|
|
| 作者: | ;国家建委建筑科学研究院地基基础研究所 编 | |
| 分册: | ||
| 出版信息: | 北京 中国建筑工业出版社 1978 |
|
| 页数: | 74页 | |
| 开本: | 19cm | |
| 丛书名: | ||
| 单 册: | ||
| 中图分类: | P231.6 | |
| 科图分类: | ||
| 主题词: | 地基-基础(工程)-抗震性能--分析 , 基础(工程)-地基-抗震性能--分析 , 抗震性能-基础(工程)-地基--分析 , 摄影测量法 | |
| 电子资源: | ||
| ISBN: | ||
| 000 | 01049nam0 2200277 45 | |
| 001 | 0178001634 | |
| 005 | 20060508170400.12 | |
| 010 | @dCNY0.20 | |
| 091 | @a15040.3492 | |
| 100 | @a19950728d1978 em y0chiy0121 ea | |
| 101 | 0 | @achi |
| 102 | @aCN@b110000 | |
| 105 | @ay z 000yy | |
| 200 | 10 | @a地基基础震害调查与抗震分析@Adi ji ji chu zhen hai diao cha yu kang zhen fen xi@e唐山地震调查报告@f国家建委建筑科学研究院地基基础研究所编@Fguo jia jian wei jian zhu ke xue yan jiu yuan di ji ji chu yan jiu suo bian |
| 210 | @a北京@c中国建筑工业出版社@d1978 | |
| 215 | @a74页@d19cm | |
| 300 | @a国内发行 | |
| 517 | 1 | @a唐山地震调查报告@Atang shan di zhen diao cha bao gao |
| 606 | @a地基-基础(工程)-抗震性能@x分析 | |
| 606 | @a基础(工程)-地基-抗震性能@x分析 | |
| 606 | @a抗震性能-基础(工程)-地基@x分析 | |
| 606 | 0 | @a摄影测量法 |
| 690 | @aP231.6@v4 | |
| 711 | 02 | @a国家建委建筑科学研究院地基基础研究所@Aguo jia jian wei jian zhu ke xue yan jiu yuan di ji ji chu yan jiu suo@4编 |
| 801 | 0 | @aCN@bTSSF@c20060508 |
| 905 | @a10447@dP231.6@e1 | |
| 地基基础震害调查与抗震分析:唐山地震调查报告/国家建委建筑科学研究院地基基础研究所编.-北京:中国建筑工业出版社,1978 |
| 74页;19cm |
| 国内发行 |
| ISBN :CNY0.20 |
| ● |
| 相关链接 |
|
|
|
|
正题名:地基基础震害调查与抗震分析
索取号:P231.6/1
 
预约/预借
| 序号 | 登录号 | 条形码 | 馆藏地/架位号 | 状态 | 备注 |
| 1 | 0002823 | 202308653 | 密集书库/ [索取号:P231.6/1] | 在馆 | |
| 2 | 0002824 | 202308680 | 密集书库/ [索取号:P231.6/1] | 在馆 |